000 00759nam a2200229Ii 4500
003 JO-AjNU
008 230605s9999||||xx |||||||||||||| ||und||
017 _a2006/2/245
020 _a9957-18-109-2
040 _aJO-AjNU
_bara
_erda
_cJO-AjNU
041 _aara
050 1 4 _aQA107 .M8536 2001
100 3 _aالمومني، غازي الفلاح,
_eauthor
_933348
245 0 0 _a الرياضيات المالية المعاصرة بين النظرية والتطبيق
250 _aط1
264 3 1 _aعمان:دار المناهج، 2001
300 _a298ص
336 _atext
_btxt
_2rdacontent
337 _aunmediated
_bn
_2rdamedia
338 _avolume
_bnc
_2rdacarrier
650 4 _aالرياضيات - المحاسبة المالية
_933349
999 _aA13564
_c17132
_d17132